| 000 | 02094cam a22005295i 4500 | ||
|---|---|---|---|
| 001 | 408 | ||
| 003 | FISKH | ||
| 005 | 20240916133424.0 | ||
| 008 | 180726t20152014enka c 000 1 eng | ||
| 020 |
_a9781471143830 _q(paperback) |
||
| 020 | _a147114383X | ||
| 020 | _a9781471122781 | ||
| 020 | _a1471122786 | ||
| 020 | _z9781471122798 | ||
| 020 | _a9781471122774 | ||
| 020 | _a1471122778 | ||
| 040 |
_aDLC _cDLC _beng _dFISKH |
||
| 042 | _apcc | ||
| 050 | _aPZ7.R915935 | ||
| 082 | _a813.6 | ||
| 100 | 1 |
_aRussell, Rachel Renee, _eauthor. |
|
| 245 | 1 | 0 |
_aOnce upon a dork. _n8 / _cRachel Renee Russell with Nikki Russell and Erin Russell. |
| 264 | 1 |
_aLondon : _bSimon and Schuster, _c2015. |
|
| 264 | 4 | _c2014 | |
| 300 |
_a295 pages : _billustrations ; _c20 cm. |
||
| 336 |
_atext _btxt _2rdacontent |
||
| 336 |
_astill image _bsti _2rdacontent |
||
| 337 |
_aunmediated _bn _2rdamedia |
||
| 338 |
_avolume _bnc _2rdacarrier |
||
| 490 | 1 |
_aDork diaries ; _v8 |
|
| 500 | _aOriginally published in the USA in 2014 as Dork Diaries 8 : Tales from a not-so-happily ever after. | ||
| 520 | _aAfter a bump on the head, Nikki has a wild dream in which she, her BFF's Chloe and Zoey, her crush Brandon, and mean girl Mackenzie all end up playing the roles of some familiar classic fairy tale characters. Will Nikki's dream turn into a nightmare? | ||
| 521 |
_a710
_bLexile |
||
| 521 |
_aM
_bRaz-Plus |
||
| 650 | 0 |
_aMaxwell, Nikki (Fictitious character) _vJuvenile fiction. |
|
| 650 | 0 |
_aBest friends _vJuvenile fiction. |
|
| 650 | 0 |
_aRole playing _vJuvenile fiction. |
|
| 650 | 0 |
_aDreams _vJuvenile fiction. |
|
| 700 | 1 |
_aRussell, Nikki, _eillustrator. |
|
| 700 | 1 |
_aRussell, Erin, _eauthor. |
|
| 700 | 1 |
_aRussell, Rachel Renee. _tTales from a not-so-happily ever after. _iReprint of (manifestation). |
|
| 800 | 1 |
_aRussell, Rachel Renée. _tDork diaries ; _v8. |
|
| 830 | 0 |
_aDork diaries ; _v8. |
|
| 906 |
_a0 _bibc _corigres _d2 _encip _f20 _gy-gencatlg |
||
| 942 |
_2ddc _cBK _n0 |
||
| 999 |
_c408 _d408 |
||